000 00960nam a22002657a 4500
005 20170123162344.0
010 _a324600
020 _c3.00
035 _a324600
037 _bCen Lib/Ret
040 _aDPL
_bUR
082 _a920
_bا ی م
100 _aایم. حبیب خان
_9516
245 _aاردو کی کلاسیکیشعرا پر تنقیدی مضامین :
_cایم. حبیب خان
_bحسرت سے فراق تک /
246 _aUdu ki classici shaira par tanqeedi mazameen : Hsarat se Firaq tak /
_bby M. Habeeb Khan
260 _aعلیگڑھ
_bانڈیا بک ہاؤس
_c1963
270 _bعلیگڑھ
_aقاضی پاڑہ
300 _a176p.
_c17cm(Hb)
500 _aکتابیات
650 _aادب -- اردو
_9129782
650 _a اردو تنقیدی مضامین
_9114356
650 _aLiterature -- Urdu
_9129783
650 _aUrdu critical articles
_9114358
942 _2ddc
_cUR
_h920
_mا ی م
999 _c108738
_d108738